Steps to the 21st century
Uloženo v:
| Hlavní autor: | |
|---|---|
| Médium: | Kniha |
| Jazyk: | Undetermined |
| Vydáno: |
Tokyo
The Japan Times
1993
|
| Témata: | |
| Tagy: |
Přidat tag
Žádné tagy, Buďte první, kdo otaguje tento záznam!
|
| Thư viện lưu trữ: | Trung tâm Học liệu Trường Đại học Cần Thơ |
|---|
| LEADER | 00475nam a2200169Ia 4500 | ||
|---|---|---|---|
| 001 | CTU_77806 | ||
| 008 | 210402s9999 xx 000 0 und d | ||
| 082 | |a 338.952 | ||
| 082 | |b O.41 | ||
| 100 | |a Saburo, Okita | ||
| 245 | 0 | |a Steps to the 21st century | |
| 245 | 0 | |c Saburo Okita | |
| 260 | |a Tokyo | ||
| 260 | |b The Japan Times | ||
| 260 | |c 1993 | ||
| 650 | |a Environmental policy,International economic relations | ||
| 980 | |a Trung tâm Học liệu Trường Đại học Cần Thơ | ||